000 00468nam a2200181Ia 4500
001 16006
005 20260306170237.0
008 260306t2007||||xx |||||||||||||| ||und||
041 _aESP
082 _a346.52
_bG74
100 _aGordley, James
_eAUT
245 0 _aFoundations of private law:
_bproperty, tort, contract, unjust enrichment
260 _c2007
300 _ax, 481 páginas :
_c23 cm.
650 _aGEN
654 _aCDE
942 _cLIB
_dJUS
_fJUS
_2ddc
_n
999 _c16006
_d16006